| 000 | 00616nmm a22001817a 4500 | ||
|---|---|---|---|
| 003 | OSt | ||
| 005 | 20240521121057.0 | ||
| 006 | eBook | ||
| 008 | 240521b |||||||| |||| 00| 0 eng d | ||
| 040 | _cMRSPTU | ||
| 100 | _aAmr Elssamadisy | ||
| 245 | _aAgile Adoption Patterns: A Roadmap to Organizational Success | ||
| 250 | _a1st | ||
| 260 |
_aNew Delhi _bPearson _c2008 |
||
| 600 | _2Computer Science | ||
| 856 |
_3Click here to access the e-book _uhttps://ebookcentral.proquest.com/lib/gzsptuc/detail.action?docID=5125990&query=Agile+Adoption+Patterns%3A+A+Roadmap+to+Organizational+Success |
||
| 942 |
_2ddc _cEB _n1 |
||
| 999 |
_c10348 _d10348 |
||